000 01114nam a2200289 a 4500
001 59075
003 BD-RjUL
005 20211209080706.0
008 161220s1997 nyua b 001 0 eng
020 _a0851989888
035 _a(BD-RjUL)59199
040 _cBD-RjUL
_dBD-RjUL
_beng
_aBD-RjUL
041 _aeng
082 0 0 _a338.1
_223
_bCOM 1998
245 0 4 _aThe common agricultural policy /
_cedited by Christopher Ritson and David Harvey.
250 _a2nd ed.
260 _aNew York, NY :
_bCAB International,
_cc1997.
300 _aix, 440 p. :
_bill. ;
_c24 cm.
500 _aRev. ed. of: The common agricultural policy and the world economy. c1991.
504 _aIncludes bibliographical references and index.
650 0 _aAgriculture and state
_zEuropean Economic Community countries.
_9172716
650 0 _aProduce trade
_xGovernment policy
_zEuropean Economic Community countries.
_9175696
650 0 _aFood industry and trade
_xGovernment policy
_zEuropean Economic Community countries.
_9175697
700 1 _aRitson, Christopher.
_9175698
700 1 _aHarvey, David R.
_9175699
942 _2ddc
_cBK
999 _c59075
_d59075